Cost-benefit analysis of rubber cultivation in Kerala (Record no. 56444)

MARC details
000 -LEADER
fixed length control field 00459nam a2200121Ia 4500
100 ## - MAIN ENTRY--AUTHOR NAME
Personal name Joseph P T
245 #0 - TITLE STATEMENT
Title Cost-benefit analysis of rubber cultivation in Kerala
260 ## - PUBLICATION, DISTRIBUTION, ETC. (IMPRINT)
Name of publisher In: Agronomy, Soils, Physiology and Economcis of Plant Crops: Proceedings of the 1st Annual Symposium on Plantation Crops: Placrosym I, Kottayam, 1978; p484-497
650 ## - SUBJECT ADDED ENTRY--TOPICAL TERM
Topical Term Kerala
650 ## - SUBJECT ADDED ENTRY--TOPICAL TERM
Topical Term Rubber cultivation
942 ## - ADDED ENTRY ELEMENTS (KOHA)
Koha item type Journals
Holdings
Withdrawn status Lost status Damaged status Not for loan Home library Current library Shelving location Date acquired Koha item type
      Journals RRII Library RRII Library Agricultural economics 17/12/2021 Journals